| 000 | 00450nam a22001337a 4500 | ||
|---|---|---|---|
| 082 |
_a624.1762 _bSVE |
||
| 100 |
_aSveinsson Ingi Bjorn. & Mcniven D Hugh . _943008 |
||
| 245 |
_aGeneral Applicability of A Nonlinear Model of A One Story Steel Frame _c Bjorn Ingi Sveinsson. & Hugh D. Mcniven. |
||
| 260 |
_aCalifornia _c1980. |
||
| 300 |
_aviii, 104 p,: _bill.: |
||
| 526 |
_a0 _b0 _c0 _d624_176200000000000_SVE |
||
| 650 |
_aMCE _9379 |
||
| 942 |
_2ddc _cBK |
||
| 999 |
_c546814 _d546814 |
||